Odstraňovanie toxických a rezistentných látok s využitím ozónu dizertačná práca

Gespeichert in:
Bibliographische Detailangaben
1. Verfasser: Melicher, Michal
Format: Buch
Sprache:Slowakisch
Veröffentlicht: Bratislava STU FCHPT 2013
Online-Zugang:Im OPAC anzeigen
Tags: Tag hinzufügen
Keine Tags, Fügen Sie das erste Tag hinzu!

MARC

LEADER 00000nam a2200000 a 4500
005 20260127134258.0
008 150223 2013 000 0 slo d
035 |a vtls010656432 
039 9 |y 201502231220  |z mschk03 
040 |a STUSCHK1  |b slo  |c STUSCHK1  |e AACR2 
100 1 |a Melicher, Michal 
245 1 |a Odstraňovanie toxických a rezistentných látok s využitím ozónu  |b dizertačná práca  |c Michal Melicher 
260 |a Bratislava  |b STU FCHPT  |c 2013 
300 |a 110 s.  |b il.  |c 30 cm 
500 |a Študijný program a odbor: chémia a technológia životného prostredia 
500 |a Školiace pracovisko: Odd. environmentálneho inžinierstva 
910 |a SCHK95 
999 |c 8592  |d 8592